header

Skilling and the role of the firm (Record no. 169458)

MARC details
000 -LEADER
fixed length control field 01205nam a2200313Ia 4500
245 00 - TITLE STATEMENT
Title Skilling and the role of the firm
260 ## - PUBLICATION, DISTRIBUTION, ETC. (IMPRINT)
Place of publication Bradford, England :
Name of publisher Emerald Group Publishing,
Year of publication c2003.
300 ## - PHYSICAL DESCRIPTION
Number of Pages 111 p.
490 0# - SERIES STATEMENT
Series statement International journal of manpower ;
650 #0 - SUBJECT ADDED ENTRY--TOPICAL TERM
Topical Term Personnel management.
Topical Term Training.
700 1# - ADDED ENTRY--PERSONAL NAME
Personal name Coates, Gwen.
Personal name Lang, Thomas.
Personal name Pugh, Geoff.
Personal name Spore, Melissa.
856 40 - ELECTRONIC LOCATION AND ACCESS
Uniform Resource Identifier http://site.ebrary.com/lib/rucke/Doc?id=10052684

No items available.

© 2026 Rongo University
Contact us: librarian | system librarian | Rongo university